| 000 | 00856cab a2200217 4500 | ||
|---|---|---|---|
| 001 | X91185 | ||
| 008 | 090401t1998 xxu||||| |||| 00| 0 eng d | ||
| 035 | _a(Sirsi) u85651 | ||
| 041 | _aeng | ||
| 245 | _aBevan Ashford v Yeandle | ||
| 260 | _c1998 | ||
| 350 | _a0 | ||
| 490 |
_aNew Property Cases _v(1998) NPC 69, (2) |
||
| 520 | _aChD 8 April 1998. Courts and Legal Services Act 1990 s58. Solicitor`s conditional fee agreement entered into in relation to arbitration proceedings and with counsel for his fees held to be lawful even although outside s58. HEADNOTE. | ||
| 650 | _aMANAGEMENT-DISPUTE AVOIDANCE, MANAGEMENT AND RESOLUTION-DISPUTE MANAGEMENT AND RESOLUTION-ARBITRATION | ||
| 650 | _aBEVAN ASHFORD V YEANDLE | ||
| 650 | _aCOURTS AND LEGAL SERVICES ACT 1990 S58 | ||
| 690 | _aARBITRATION-CASE LAW | ||
| 942 | _n0 | ||
| 948 | _c16/04/1998 | ||
| 999 |
_c53868 _d53868 |
||